Разработка методов и алгоритмов расчета гидродинамических и прочностных характеристик энергетического оборудования и его элементов: автореферат диссертации на соискание ученой степени кандидата технических наук; спец. 01.02.06

Podrobná bibliografie
Hlavní autor: Золотаревич В. П. Валерий Павлович
Korporativní autor: Северо-Западный государственный заочный технический университет (СЗТУ)
Další autoři: Югов Н. В. Николай Васильевич (научный руководитель)
Shrnutí:Защита сост. 3.12.2009 г.
Jazyk:ruština
Vydáno: СПб., 2009
Témata:
Médium: Kniha
KOHA link:https://koha.lib.tpu.ru/cgi-bin/koha/opac-detail.pl?biblionumber=172666

MARC

LEADER 00000nam0a2200000 4500
001 172666
005 20231101223040.0
035 |a (RuTPU)RU\TPU\book\187241 
090 |a 172666 
100 |a 20091215d2009 k y0rusy50 ca 
101 0 |a rus 
102 |a RU 
105 |a a dm 001zy 
200 1 |a Разработка методов и алгоритмов расчета гидродинамических и прочностных характеристик энергетического оборудования и его элементов  |e автореферат диссертации на соискание ученой степени кандидата технических наук  |e спец. 01.02.06  |f В. П. Золотаревич  |g Северо-Западный государственный заочный технический университет (СЗТУ) ; науч. рук. Н. В. Югов 
210 |a СПб.  |d 2009 
215 |a 22 с.  |c ил. 
300 |a Защита сост. 3.12.2009 г. 
320 |a Библиогр.: с. 21-22 (11 назв.). 
606 1 |a Энергетическое оборудование  |x Надежность  |2 stltpush  |3 (RuTPU)RU\TPU\subj\21315  |9 46332 
610 1 |a энергетика 
610 1 |a оборудование 
610 1 |a гидродинамические характеристики 
610 1 |a прочностные характеристики 
610 1 |a математическое моделирование 
610 1 |a проблемы 
610 1 |a систематизация 
610 1 |a определение 
610 1 |a программные комплексы 
610 1 |a структура 
610 1 |a ACSTFLA 
610 1 |a расчеты 
610 1 |a гидротормоз 
610 1 |a исследование 
610 1 |a конструкции 
610 1 |a применение 
610 1 |a энергооборудование 
610 1 |a элементы 
610 1 |a авторефераты диссертаций 
675 |a 620.9.002.5(04)  |v 3 
686 |a 01.02.06  |2 oksvnk 
700 1 |a Золотаревич  |b В. П.  |g Валерий Павлович 
702 1 |a Югов  |b Н. В.  |g Николай Васильевич  |4 727 
712 0 2 |a Северо-Западный государственный заочный технический университет (СЗТУ)  |c (Санкт-Петербург)  |2 stltpush  |3 (RuTPU)RU\TPU\col\8768 
801 1 |a RU  |b 63413507  |c 20091215 
801 2 |a RU  |b 63413507  |c 20091222  |g RCR 
942 |c BK